Hofjagd, Weidwerk, Wilderei

Titel: Hofjagd, Weidwerk, Wilderei : Kulturgeschichte der Jagd im 19. Jahrhundert / Carl Alexander Krethlow (Hg.)
Beteiligt:
Veröffentlicht: Paderborn : Ferdinand Schöningh, [2015]
Umfang: 276 Seiten : Illustrationen, Karten ; 233 mm x 157 mm
Format: Buch
Sprache: Deutsch
RVK-Notation:
Schlagworte:
ISBN: 3506782584 ; 9783506782588
Buchumschlag
X
alg: 36071368
001A    $00030:25-06-15 
001B    $01999:10-05-25 $t17:59:35.000 
001D    $00004:10-09-15 
001U    $0utf8 
001X    $00 
002@    $0Aau 
002C    $aText $btxt $2rdacontent 
002D    $aohne Hilfsmittel zu benutzen $bn $2rdamedia 
002E    $aBand $bnc $2rdacarrier 
003@    $0360713688 
003O    $0910327189 $aOCoLC 
004A    $03-506-78258-4 
004A    $A978-3-506-78258-8 $fGb. : ca. EUR 39.90 (DE), ca. EUR 41.10 (AT), ca. sfr 48.70 (freier Pr.) 
004K    $09783506782588 
006G    $01071214357 
006H    $0TOCNEUA1536 $2DNB 
006L    $0BV042618429 $2BVB 
006T    $015,N22 
006U    $015,A38 $f20150519 
007A    $01071214357 $aDNB 
009P    $qapplication/pdf $A2 $3Inhaltsverzeichnis $uhttp://d-nb.info/1071214357/04 $mB:DE-101 
009P    $qtext/html $A2 $3Inhaltstext $uhttp://deposit.dnb.de/cgi-bin/dokserv?id=5261980&prov=M&dok_var=1&dok_ext=htm $mX:MVB 
009P    $qapplication/pdf $A2 $3Rezension $uhttp://scans.hebis.de/HEBCGI/show.pl?36071368_rez.pdf $mV:DE-576;B:DE-16 
010@    $ager 
010E    $erda 
011@    $a2015 $n[2015] 
013D    $#Beiträge Formschlagwort $#Einzelbeiträge $#Sammelwerk Formschlagwort $74143413-4 $8Aufsatzsammlung [Ts1] $9085562742 
021A    $aHofjagd, Weidwerk, Wilderei $dKulturgeschichte der Jagd im 19. Jahrhundert $hCarl Alexander Krethlow (Hg.) 
028C    $BHerausgeber $4edt $7122419162 $8Krethlow, Carl Alexander$Z1965- [Tp3] $9153589353 
033A    $pPaderborn $nFerdinand Schöningh 
034D    $a276  Seiten 
034I    $a233 mm x 157 mm 
034M    $aIllustrationen, Karten 
037A    $aLiteraturverzeichnis Seite 260-276 
041A    $#Abendland $#Okzident $74015701-5 $8Europa [Tgz] $908503617X 
041A/01 $RTierfang $RJagdkunde $RJäger $#Hunting $#Chasse $#Caccia $#Caza $#hunting $#Jagd $#Jagd $#Jagen $#Waidwerk $#Weidwerk $74027955-8 $8Jagd [Ts1] $9085071552 
041A/02 $RKulturphilosophie $RZivilisation $#Civilization $#Culture $#Civilisation $#Culture $#Cultura $#Civilización $#Kultur $#Kultur $#kulturelle Faktoren $74125698-0 $8Kultur [Tsz] $9085424803 
045E    $c630 
045R    $aGeschichte 1800-1899 
045Z    $8NP 1330 [Tkv] $9410903604 

lok: 36071368 3
101B    $026-10-15 $t10:55:05.000 
101C    $026-10-15 
101U    $0utf8 
145S/01 $a039 

exp: 36071368 3 1 #EPN
201B/01 $017-04-18 $t07:17:32.000 
201C/01 $025-06-15 
201U/01 $0utf8 
203@/01 $0755961927 
208@/01 $a26-10-15 $bzCh 
209A/01 $a02/NP 1330 K92 H7 $du $f330 $h02 NP 1330 K92 H7 $x00 
209B/01 $a4401 $x05 
209C/01 $aBzG-2015/4392 
209G/01 $a1004704775 $x00 
247C/01 $8601330-2 <30/330>Frankfurt, Universitätsbibliothek J. C. Senckenberg, Bibliothekszentrum Geisteswissenschaften (BzG) $9102599378 

lok: 36071368 11

exp: 36071368 11 1 #EPN
201B/01 $016-04-18 $t09:54:33.000 
201C/01 $019-03-18 
201U/01 $0utf8 
203@/01 $01019980591 
208@/01 $a16-04-18 $bz 
209A/01 $a60 18 A 374 $du $f100 $x00 
209B/01 $a020/1804 $x05 
209G/01 $a83954515 $x00 
247C/01 $8620100-3 <43>Wiesbaden, Hochschul- und Landesbibliothek RheinMain, Rheinstraße $9102599572 

lok: 36071368 21

exp: 36071368 21 1 #EPN
201B/01 $011-12-15 $t15:54:40.000 
201C/01 $013-11-15 
201U/01 $0utf8 
203@/01 $0763300365 
208@/01 $a11-12-15 $bz 
209A/01 $a41 / Xcq Hofj $du $f100 $x00 
209A/01 $a2015/6408 $x09 
209B/01 $a10002 $x05 
209G/01 $a54574550 $x00 
209G/01 $aSachliteratur $x01 
247C/01 $8640100-4 <66>Fulda, Hochschul-, Landes- und Stadtbibliothek Fulda, Standort Heinrich-von-Bibra-Platz $9102599599 

lok: 36071368 23

exp: 36071368 23 1 #EPN
201B/01 $030-10-15 $t11:44:55.000 
201C/01 $022-10-15 
201U/01 $0utf8 
203@/01 $0762207825 
208@/01 $a30-10-15 $bz 
209A/01 $a25 Ges NB 6702 $du $f024 $hGES NB 6702 $x00 
209G/01 $a27537421 $x00 
247C/01 $8352024-9 <34/24>Kassel, UB Kassel, Standort Holländischer Platz $9102599459 

lok: 36071368 67

exp: 36071368 67 1 #EPN
201B/01 $009-04-18 $t10:05:11.000 
201C/01 $009-04-18 
201U/01 $0utf8 
203@/01 $01020901977 
208@/01 $a09-04-18 $bz 
209A/01 $aSTA 7323 $ds $f000 $hSTA 7323 $x00 
247C/01 $8638002-5 Bad Homburg, Stadtarchiv Bad Homburg, Bibliothek $9188455094 

lok: 36071368 78

exp: 36071368 78 1 #EPN
201B/01 $012-01-21 $t14:33:06.000 
201C/01 $012-01-21 
201U/01 $0utf8 
203@/01 $01136372067 
208@/01 $a12-01-21 $be 
209A/01 $a/ $f000 $x00 
209A/01 $ab*p $x01 
220C/01 $apgar 
247C/01 $82080>Marburg/Lahn, Herder-Institut, Forschungsbibliothek, Bibliographieportal $9336309341 

lok: 36071368 204

exp: 36071368 204 1 #EPN
201B/01 $005-01-16 $t11:20:55.000 
201C/01 $005-11-15 
201U/01 $0utf8 
203@/01 $0762819456 
208@/01 $a05-11-15 $bzUB 
209A/01 $a000 NP 1330 K92 $du $f000 $x00 
209G/01 $a16955132 $x00 
245S/01 $a10200 $x01 
247C/01 $8631000-x <26>Gießen, Universität Gießen, Universitätsbibliothek Gießen $9102596697 

lok: 36071368 205

exp: 36071368 205 1 #EPN
201B/01 $020-08-19 $t12:13:19.000 
201C/01 $003-09-15 
201U/01 $0utf8 
203@/01 $0759026378 
208@/01 $a07-12-15 $bz 
209A/01 $a001 NZN E 88230 $db $f000 $x00 
209C/01 $a8 2015/00483 
209G/01 $a56506454 $x00 
209G/01 $aFreihandbereich $x01 
220B/01 $aaltbik403 
247C/01 $8351000-1 <4>Marburg, Universität Marburg, Universitätsbibliothek $9102594767
LEADER 00000cam a2200000 c 4500
001 360713688
003 DE-603
005 20250510175935.0
007 tu
008 150625s2015 xx |||| | u00||u|ger
015 |a 15,A38  |z 15,N22  |2 dnb 
016 7 |2 DE-101  |a 1071214357 
020 |a 3506782584 
020 |a 9783506782588  |c Gb. : ca. EUR 39.90 (DE), ca. EUR 41.10 (AT), ca. sfr 48.70 (freier Pr.) 
024 3 |a 9783506782588 
035 |a (DE-599)DNB1071214357 
035 |a (DE-604)BV042618429 
035 |a (OCoLC)910327189 
040 |a DE-603  |b ger  |c DE-603  |d DE-603  |e rda 
041 |a ger 
084 |a 630  |q DE-101  |2 sdnb 
084 |a NP 1330  |0 (DE-625)127389:  |0 (DE-603)410903604  |2 rvk 
245 0 0 |a Hofjagd, Weidwerk, Wilderei  |b Kulturgeschichte der Jagd im 19. Jahrhundert  |c Carl Alexander Krethlow (Hg.) 
264 1 |a Paderborn  |b Ferdinand Schöningh  |c [2015] 
300 |a 276 Seiten  |b Illustrationen, Karten  |c 233 mm x 157 mm 
336 |a Text  |b txt  |2 rdacontent 
337 |a ohne Hilfsmittel zu benutzen  |b n  |2 rdamedia 
338 |a Band  |b nc  |2 rdacarrier 
500 |a Literaturverzeichnis Seite 260-276 
648 7 |a Geschichte 1800-1899  |2 gnd 
650 7 |a Jagd  |0 (DE-588)4027955-8  |0 (DE-603)085071552  |2 gnd 
650 7 |a Kultur  |0 (DE-588)4125698-0  |0 (DE-603)085424803  |2 gnd 
651 7 |a Europa  |0 (DE-588)4015701-5  |0 (DE-603)08503617X  |2 gnd 
655 7 |a Aufsatzsammlung  |2 gnd-content  |0 (DE-588)4143413-4  |0 (DE-603)085562742 
700 1 |a Krethlow, Carl Alexander  |d 1965-  |e Herausgeber  |4 edt  |0 (DE-603)153589353  |0 (DE-588)122419162  |2 gnd 
856 4 2 |m B:DE-101  |q application/pdf  |u http://d-nb.info/1071214357/04  |3 Inhaltsverzeichnis 
856 4 2 |m X:MVB  |q text/html  |u http://deposit.dnb.de/cgi-bin/dokserv?id=5261980&prov=M&dok_var=1&dok_ext=htm  |3 Inhaltstext 
856 4 2 |m V:DE-576;B:DE-16  |q application/pdf  |u http://scans.hebis.de/HEBCGI/show.pl?36071368_rez.pdf  |3 Rezension 
924 0 |9 30/330  |a (DE-603)755961927  |b DE-30-330  |c HES  |d d  |g 02/NP 1330 K92 H7 
924 0 |9 43  |a (DE-603)1019980591  |b DE-43  |c HES  |d c  |g 60 18 A 374 
924 0 |9 66  |a (DE-603)763300365  |b DE-66  |c HES  |d c  |g 41 / Xcq Hofj  |h Sachliteratur  |i 2015/6408 
924 0 |9 34/24  |a (DE-603)762207825  |b DE-34-24  |c HES  |d c  |g 25 Ges NB 6702 
924 0 |9 Hog 1  |a (DE-603)1020901977  |b DE-Hog1  |c HES  |d d  |g STA 7323 
924 0 |9 2080  |a (DE-603)1136372067  |b DE-2080  |c HES  |d d  |g / 
924 0 |9 26  |a (DE-603)762819456  |b DE-26  |c HES  |d c  |g 000 NP 1330 K92 
924 0 |9 4  |a (DE-603)759026378  |b DE-4  |c HES  |d c  |g 001 NZN E 88230  |h Freihandbereich